A discourse analysis of news items on the east sea issues from 2012 to 2014 in english and vietnamese newspapers /
This study made an investigation into news items on the East Sea issues in English and Vietnamese newspapers (ENIESIs and VNIESIs) in order to discover discourse features and find out the similarities and differences between them in terms of the layout, lexical features, syntactic structures and coh...
שמור ב:
| מחבר ראשי: | |
|---|---|
| מחברים אחרים: | |
| פורמט: | Luận văn ספר |
| שפה: | English |
| יצא לאור: |
ĐHĐN :
ĐHĐN.
2015
|
| נושאים: | |
| תגים: |
הוספת תג
אין תגיות, היה/י הראשונ/ה לתייג את הרשומה!
|
| Thư viện lưu trữ: | Mạng thư viện Đại học Đà Nẵng |
|---|
| LEADER | 04802nam a22003971a 4500 | ||
|---|---|---|---|
| 001 | 000035442 | ||
| 003 | 11728 | ||
| 005 | 20221231145401.0 | ||
| 008 | 160105s2015 000 eng | ||
| 040 | |a LNN | ||
| 041 | |a eng | ||
| 082 | |a 420.8 |b HU-S | ||
| 100 | |a Huỳnh,Tấn Sỹ | ||
| 245 | 2 | |a A discourse analysis of news items on the east sea issues from 2012 to 2014 in english and vietnamese newspapers / |c Huỳnh Tấn Sỹ; Lưu Quy Khương supervisor. | |
| 260 | |c 2015 |a ĐHĐN : |b ĐHĐN. | ||
| 300 | |a 101tr . : |e 30cm+ | ||
| 502 | |a Master thesis in social sciences and humanities | ||
| 520 | |a This study made an investigation into news items on the East Sea issues in English and Vietnamese newspapers (ENIESIs and VNIESIs) in order to discover discourse features and find out the similarities and differences between them in terms of the layout, lexical features, syntactic structures and cohesive devices. The findings of this study are presented based on a survey of 50 news items in English newspapers and 50 ones in Vietnamese newspapers which are taken from the well-known websites such as the BBC, the Washington post, the Thanhnien, the Tuoitre, the Quandoinhandan... Thanks to the combinations of qualitative and quantitative approaches, the discourse features of NIESIs in both languages were analyzed and compared. In terms of layout, both ENIESIs and VNIESIs fix the suggested template by Nguyễn Hòa, which is composed of four components: background, elaboration/evidence, result, and comment. The lexical choice in the thesis focused on words denoting tension and collision between Vietnamese and Chinese guard forces. Words denoting tension in both ENIESIs and VNIESIs could be either nouns with tense property itself or nouns combined from a neutral noun and an adjective expressing tension. 100% of words denoting collision in ENIESIs were transitive meanwhile 98.45% of those were transitive in VNIESIs. In terms of syntactic features, direct and indirect speeches; sentence types were investigated. English writers tended to balance the use of direct and indirect speeches in their news items (44.5% and 55.5%), comparing with a different propotion in VNIESIs (28.4% and 71.6%). Both writers of ENIESIs and VNIESIs used simple sentences with highest percentages, followed by complex sentences and then compound sentences. In terms of cohesive devices, the grammatical and lexical cohesion occupied 88.4% and 11.6% in ENIESIs respectively. A much different proportion, 44.4% and 55.6% was found in VNIESIs. | ||
| 650 | |a discourse analysis of news items on the east sea issues from 2012 to 2014 in english and vietnamese newspapers | ||
| 653 | |a discourse analysis |a english and vietnamese newspapers | ||
| 700 | |a Lưu Quư Khương |e supervisor | ||
| OWN | |a LNN | ||
| AVA | |a UDN50 |b LNN |c English |d 420.8 HU-S |e available |t Error 5001 Not defined in file expand_doc_bib_avail. |f 1 |g 0 |h N |i 0 |j AN |k 1 | ||
| Z40 | 3 | |y A discourse analysis of news items on the east sea issues from 2012 to 2014 in english and vietnames |l Library of UFL |t VIEW |x http://catalog.udn.vn:80/F?func=service&doc_library=UDN01&local_base=UDN01&doc_number=000035442&sequence=000001&line_number=0001&func_code=DB_RECORDS&service_type=MEDIA |f NOIDUNGTOMTAT_000011716.pdf |e pdf |s 000331515 |k 20210805 |m NTMTHI | |
| Z40 | 3 | |y A discourse analysis of news items on the east sea issues from 2012 to 2014 in english and vietnames |l Library of UFL |t VIEW |x http://catalog.udn.vn:80/F?func=service&doc_library=UDN01&local_base=UDN01&doc_number=000035442&sequence=000002&line_number=0002&func_code=DB_RECORDS&service_type=MEDIA |f NOIDUNGLUANVAN_000011718.pdf |e pdf |s 000917234 |k 20210805 |m NTMTHI | |
| 999 | |a From the UDN01 | ||
| AVA | |a UDN50 |b LNN |c English |d 420.8 HU-S |e available |t Error 5001 Not defined in file expand_doc_bib_avail. |f 1 |g 0 |h N |i 0 |j AN |k 1 | ||
| TYP | |a Dissertation | ||
| TYP | |a Monograph | ||
| TYP | |a Printed language | ||
| 856 | |y A discourse analysis of news items on the east sea issues from 2012 to 2014 in english and vietnames |l Library of UFL |t VIEW |x http://catalog.udn.vn:80/F?func=service&doc_library=UDN01&local_base=UDN01&doc_number=000035442&sequence=000001&line_number=0001&func_code=DB_RECORDS&service_type=MEDIA |f NOIDUNGTOMTAT_000011716.pdf |e pdf |s 000331515 |k 20210805 |m NTMTHI | ||
| 856 | |y A discourse analysis of news items on the east sea issues from 2012 to 2014 in english and vietnames |l Library of UFL |t VIEW |x http://catalog.udn.vn:80/F?func=service&doc_library=UDN01&local_base=UDN01&doc_number=000035442&sequence=000002&line_number=0002&func_code=DB_RECORDS&service_type=MEDIA |f NOIDUNGLUANVAN_000011718.pdf |e pdf |s 000917234 |k 20210805 |m NTMTHI | ||
| 980 | |a Mạng thư viện Đại học Đà Nẵng | ||